<?xml version="1.0" encoding="UTF-8"?>
<record
    xmlns:xsi="http://www.w3.org/2001/XMLSchema-instance"
    xsi:schemaLocation="http://www.loc.gov/MARC21/slim http://www.loc.gov/standards/marcxml/schema/MARC21slim.xsd"
    xmlns="http://www.loc.gov/MARC21/slim">

  <leader>01739nab a22002777i 4500</leader>
  <controlfield tag="003">KOSZ 005</controlfield>
  <controlfield tag="005">20180129144344.0</controlfield>
  <controlfield tag="008">160308s2012    pl  ||||| ||||0|| ||pol </controlfield>
  <datafield tag="035" ind1=" " ind2=" ">
    <subfield code="a">PBN-R:313863</subfield>
  </datafield>
  <datafield tag="040" ind1=" " ind2=" ">
    <subfield code="c">KOSZ 005/md</subfield>
    <subfield code="a">PBN-ID</subfield>
  </datafield>
  <datafield tag="041" ind1="0" ind2=" ">
    <subfield code="a">pol</subfield>
  </datafield>
  <datafield tag="100" ind1=" " ind2=" ">
    <subfield code="a">PATYK, Rados&#x142;aw.</subfield>
    <subfield code="d">2007 - .</subfield>
    <subfield code="b">Politechnika Koszali&#x144;ska - Wydzia&#x142; Mechaniczny</subfield>
    <subfield code="c">Katedra Mechaniki Technicznej i Wytrzyma&#x142;o&#x15B;ci Materia&#x142;&#xF3;w</subfield>
  </datafield>
  <datafield tag="245" ind1="1" ind2="0">
    <subfield code="a">Analiza nacisk&#xF3;w kontaktowych w procesie wygniatania regularnych nier&#xF3;wno&#x15B;ci powierzchni /</subfield>
    <subfield code="c">Piotr Mioduszewski, Rados&#x142;aw Patyk, Micha&#x142; Szcze&#x15B;niak.</subfield>
  </datafield>
  <datafield tag="260" ind1=" " ind2=" ">
    <subfield code="c">2012.</subfield>
  </datafield>
  <datafield tag="520" ind1=" " ind2=" ">
    <subfield code="a">W artykule zaproponowano nowy spos&#xF3;b przygotowania powierzchni do nagniatania g&#x142;adko&#x15B;ciowo umacniaj&#x105;cego. Szczeg&#xF3;&#x142;owej analizie poddano zagadnienie kontaktu narz&#x119;dzia z przedmiotem obrabianym. Opracowano aplikacj&#x119; w programie ANSYS/LS-DYNA, kt&#xF3;ra umo&#x17C;liwia dokonywanie oblicze&#x144; dla r&#xF3;&#x17C;nych modeli materia&#x142;owych z uwzgl&#x119;dnieniem wp&#x142;ywu odkszta&#x142;ce&#x144; spr&#x119;&#x17C;ystych, tarcia, pr&#x119;dko&#x15B;ci odkszta&#x142;cenia i temperatury. </subfield>
  </datafield>
  <datafield tag="650" ind1=" " ind2="0">
    <subfield code="a">Budowa i eksploatacja maszyn.</subfield>
  </datafield>
  <datafield tag="650" ind1=" " ind2="0">
    <subfield code="a">Mechanika.</subfield>
  </datafield>
  <datafield tag="650" ind1=" " ind2="0">
    <subfield code="a">Machinery construction and operation.</subfield>
  </datafield>
  <datafield tag="650" ind1=" " ind2="0">
    <subfield code="a">Mechanics.</subfield>
  </datafield>
  <datafield tag="650" ind1=" " ind2="0">
    <subfield code="a">Original article presents the results of original research or experiment.</subfield>
  </datafield>
  <datafield tag="650" ind1=" " ind2="0">
    <subfield code="a">Oryginalny artyku&#x142; naukowy przedstawia rezultaty oryginalnych bada&#x144; naukowych lub eksperymentu.</subfield>
  </datafield>
  <datafield tag="655" ind1=" " ind2="0">
    <subfield code="a">Materia&#x142;y konferencyjne.</subfield>
  </datafield>
  <datafield tag="773" ind1="0" ind2="8">
    <subfield code="i">W :</subfield>
    <subfield code="t">Mechanik : suplement do miesi&#x119;cznika. -</subfield>
    <subfield code="x">0025-6552</subfield>
    <subfield code="d">Redakcja Mechanik Agenda Wydawnicza SIMP</subfield>
    <subfield code="g">2012, R. 85, nr 2/212CD</subfield>
  </datafield>
  <datafield tag="711" ind1=" " ind2=" ">
    <subfield code="a">Forum In&#x17C;ynierskie ProCAx</subfield>
    <subfield code="n">(10 ;</subfield>
    <subfield code="d">2011 ;</subfield>
    <subfield code="c">Sosnowiec-Siewierz, Polska).</subfield>
  </datafield>
  <datafield tag="942" ind1=" " ind2=" ">
    <subfield code="c">ART</subfield>
    <subfield code="2">UKD</subfield>
  </datafield>
  <datafield tag="999" ind1=" " ind2=" ">
    <subfield code="c">8178</subfield>
    <subfield code="d">8178</subfield>
  </datafield>
</record>
